书目信息 |
| 题名: |
普希金妙语录
|
|
| 作者: | 普希金 著 ;纹绮 编 | |
| 分册: | ||
| 出版信息: | 兰州 甘肃人民出版社 1989.5 |
|
| 页数: | 155页 | |
| 开本: | 19cm | |
| 丛书名: | 世界文豪妙语录丛书 | |
| 单 册: | ||
| 中图分类: | I512.14 , H033 | |
| 科图分类: | ||
| 主题词: | 语义学 , 词汇学 | |
| 电子资源: | ||
| ISBN: | 7-226-00431-3 | |
| 000 | 01066oam2 2200301 450 | |
| 001 | 1554865616 | |
| 005 | 20150120172424.31 | |
| 010 | @a7-226-00431-3@dCNY2.05 | |
| 100 | @a19921221d1989 ekmy0chiy0110 ea | |
| 101 | 1 | @achi@crus |
| 102 | @aCN@b620000 | |
| 105 | @ay z 000zy | |
| 200 | 1 | @a普希金妙语录@9pu xi jin miao yu lu@f(俄)普希金著@g纹 绮编 |
| 210 | @a兰州@c甘肃人民出版社@d1989.5 | |
| 215 | @a155页@d19cm | |
| 225 | 2 | @a世界文豪妙语录丛书@v第二辑 |
| 330 | @a本语录分15个方面,内容包括:社会,人生,责任,爱国,理想,奋斗,品德,幸福,青春,友谊,文艺,作品,经验,附录。 | |
| 461 | 0 | @12001 @a世界文豪妙语录丛书 |
| 600 | 1 | @a普希金@c(Pushkin, Alexander Sergeyevich@f1799~1837)@x语录 |
| 600 | 1 | @2CT@3S058054@a普希金@c(Pushkin, Alexander Sergeyevich@f1799~1837) |
| 606 | 0 | @a语义学 |
| 606 | 0 | @a词汇学 |
| 690 | @aI512.14@v三版 | |
| 690 | @aH033@v4 | |
| 701 | 1 | @c(俄)@a普希金@9pu xi jin@c(Пушкин, Александр Сергеевич@f1799~1837)@4著 |
| 702 | 0 | @a纹绮@9wen qi@4编 |
| 801 | 0 | @aCN@bTSSF@c20150120 |
| 905 | @aZUCC@dH033@eJY2 | |
| 普希金妙语录/(俄)普希金著/纹 绮编.-兰州:甘肃人民出版社,1989.5 |
| 155页;19cm.-(世界文豪妙语录丛书;第二辑) |
| ISBN 7-226-00431-3:CNY2.05 |
| 本语录分15个方面,内容包括:社会,人生,责任,爱国,理想,奋斗,品德,幸福,青春,友谊,文艺,作品,经验,附录。 |
| ● |
| 相关链接 |
|
|
|
|
正题名:普希金妙语录
索取号:H033/JY2
 
预约/预借
| 序号 | 登录号 | 条形码 | 馆藏地/架位号 | 状态 | 备注 |
| 1 | 7850045 | 278500454 | 学院路分馆/ [索取号:H033/JY2] | 在馆 | |
| 2 | 7851007 | 278510078 | 学院路分馆/ [索取号:H033/JY2] | 在馆 |